Every North American Flag - Sudden Death - Statistics

General Stats
  • This quiz has been taken 141 times
  • The average score is 13 of 23
Answers on the Grid
Answers color-coded by a green-red scale on the quiz's grid according to % correct below.
 
Answer Stats
Answer % Correct
United States
98%
Panama
80%
Dominican Republic
80%
Canada
80%
Haiti
61%
Jamaica
61%
Mexico
61%
Barbados
59%
Saint Lucia
57%
Antigua and Barbuda
55%
Honduras
55%
El Salvador
55%
Guatemala
51%
Saint Vincent and the Grenadines
49%
Belize
49%
Cuba
49%
Costa Rica
49%
Trinidad and Tobago
47%
Dominica
47%
Nicaragua
45%
Bahamas
43%
Grenada
37%
Saint Kitts and Nevis
33%
No matching quizzes found
Score Distribution
Percent of People with Each Score
Percentile by Number Answered
Your Score History
You have not taken this quiz